Monday's girls /

A grandmother named Monday Moses in Ogoloma, Nigeria is responsible for taking the young girls of the village through the rites of passage into womanhood so that they will be ready for marriage.

Bibliographic Details
Corporate Authors: British Broadcasting Corporation. Television Service, California Newsreel (Firm)
Other Authors: Derefaka, Ibi, Gardner, Lloyd
Format: Video
Language:English
Language Notes:This edition in English.
Published: London : British Broadcasting Corporation (BBC), 1993.
Series:Ethnographic video online ; volume 1
Subjects:
Online Access:Connect to this streaming video (Alexander Street Press)

MARC

Tag First Indicator Second Indicator Subfields
LEADER 00000cgm a2200000Ma 4500
001 in00005607415
006 m o c
007 vz |zazu|
008 950210s1993 enk048 g o vueng d
005 20241214204600.0
035 |a (OCoLC)ocn849667317 
040 |a ALSTP  |b eng  |e pn  |c ALSTP  |d OCLCO  |d OCLCQ  |d CUS  |d COO  |d OCLCO  |d CUS  |d OCLCO  |d OCLCF  |d U3G  |d OCLCO  |d OCLCA  |d OCLCQ  |d OCLCO  |d EUW  |d OCLCO  |d OCL  |d OCLCO  |d OCLCQ  |d OCLCO  |d NRC  |d CSF  |d EZ9  |d OCLCA  |d IGB  |d INT  |d OCLCQ  |d WYU  |d YOU  |d TKN  |d OCLCQ  |d AU@  |d SFB  |d OCLCO  |d OCLCQ  |d OCLCL 
019 |a 908386691  |a 1085191284  |a 1136419154 
035 |a (OCoLC)849667317  |z (OCoLC)908386691  |z (OCoLC)1085191284  |z (OCoLC)1136419154 
043 |a f-nr--- 
050 4 |a GN303 
082 0 4 |a 392.1409669  |q OCoLC  |2 23/eng/20230216 
049 |a TXAM 
245 0 0 |a Monday's girls /  |c by Ibi Derefaka ; a Lloyd Gardner production for BBC-TV. 
260 |a London :  |b British Broadcasting Corporation (BBC),  |c 1993. 
300 |a 1 online resource (48 min.). 
306 |a 004800 
336 |a two-dimensional moving image  |b tdi  |2 rdacontent 
337 |a computer  |b c  |2 rdamedia 
338 |a online resource  |b cr  |2 rdacarrier 
347 |a data file  |2 rda 
490 0 |a Ethnographic video online ;  |v volume 1 
500 |a Broadcast as an episode of the television program: Under the sun. 
520 |a A grandmother named Monday Moses in Ogoloma, Nigeria is responsible for taking the young girls of the village through the rites of passage into womanhood so that they will be ready for marriage. 
546 |a This edition in English. 
650 0 |a Igbo (African people)  |x Rites and ceremonies. 
650 6 |a Ibo (Peuple d'Afrique)  |x Rites et cérémonies. 
650 7 |a Igbo (African people)  |x Rites and ceremonies.  |2 fast  |0 (OCoLC)fst00967017 
655 4 |a Encoded moving images. 
655 7 |a Nonfiction films.  |2 fast  |0 (OCoLC)fst01710269 
655 7 |a Nonfiction films.  |2 lcgft 
700 1 |a Derefaka, Ibi. 
700 1 |a Gardner, Lloyd. 
710 2 |a British Broadcasting Corporation.  |b Television Service. 
710 2 |a California Newsreel (Firm) 
730 0 |a Under the sun (Television program) 
758 |i has work:  |a Monday's girls (MovingImage)  |1 https://id.oclc.org/worldcat/entity/E39PCFyxcQT4rwjVWdq9fTGgGb  |4 https://id.oclc.org/worldcat/ontology/hasWork 
856 4 0 |u http://proxy.library.tamu.edu/login?url=https://www.aspresolver.com/aspresolver.asp?AVN2;1689487  |z Connect to this streaming video (Alexander Street Press)  |t 0 
955 |a Alexander Street Press perpetual purchased Fall 2024 streaming video 
994 |a 92  |b TXA 
999 f f |s fa73699a-9841-4495-93ca-01659c21e9fb  |i 110a470e-15c4-4b0e-88ac-b5e4196c7fc2  |t 0 
952 f f |a Texas A&M University  |b College Station  |c Electronic Resources  |d Available Online  |t 0  |e GN303   |h Library of Congress classification 
998 f f |a GN303   |t 0  |l Available Online